|
|
|
|
| LEADER |
00000cam a2200000 a 4500 |
| 001 |
vtls001448886 |
| 003 |
SK-MaSNL |
| 005 |
20260301165217.0 |
| 008 |
240226s2002 xo l ern p 000 0 slo |
| 015 |
|
|
|a SNBA2003/05-01345
|
| 020 |
|
|
|a 8022516406
|
| 035 |
|
|
|a SNK000404154
|
| 035 |
|
|
|a urn:nbn:sk:snk-am3j0o2
|
| 035 |
|
|
|a 5FA70942-C4CC-4410-ADCA-793000A08CEF
|
| 035 |
|
|
|a urn:nbn:sk:snk-am00ghlj
|
| 040 |
|
|
|a SNK
|b slo
|c SNK
|e AACR2
|
| 041 |
0 |
|
|a slo
|
| 044 |
|
|
|a xo
|c SK
|
| 072 |
|
7 |
|a 658
|x Riadenie a správa podniku
|2 konspekt
|
| 072 |
|
7 |
|a 339
|x Obchod
|2 konspekt
|
| 080 |
|
|
|a 658.8
|2 2011
|
| 080 |
|
|
|a 339.138
|2 2011
|
| 080 |
|
|
|a (075.8)
|2 2011
|
| 100 |
1 |
|
|a Čimo, Jozef,
|d 1942-
|4 aut
|9 86220
|
| 245 |
1 |
0 |
|a Marketingové aplikácie
|c Jozef Čimo a kolektív
|
| 250 |
|
|
|a 1. vydanie
|
| 260 |
|
|
|a Bratislava
|b Ekonóm
|c 2002
|
| 300 |
|
|
|a 275 strán
|b schémy, tabuľky
|c 21 cm
|
| 366 |
|
|
|e 300 kusov
|
| 504 |
|
|
|a Obsahuje bibliografické odkazy
|
| 650 |
0 |
7 |
|a marketing
|2 SNKPH
|9 2299
|
| 655 |
|
7 |
|a učebnice vysokých škôl
|2 SNKPH
|9 70191
|
| 700 |
1 |
|
|a Čihovská, Viera,
|d 1948-
|4 aut
|9 109733
|
| 700 |
1 |
|
|a Hasprová, Mária,
|d 1970-
|4 aut
|9 216442
|
| 700 |
1 |
|
|a Oreský, Milan,
|d 1956-
|4 aut
|9 216463
|
| 700 |
1 |
|
|a Štensová, Antónia,
|d 1940-
|4 aut
|9 97839
|
| 700 |
1 |
|
|a Tkáčiková, Jarmila
|4 aut
|9 401174
|
| 700 |
1 |
|
|a Tajtáková, Mária
|4 aut
|9 9198
|
| 919 |
|
|
|a 80-225-1640-6
|
| 958 |
|
|
|a NB
|
| 958 |
|
|
|a OND
|
| 999 |
|
|
|c 823398
|d 825328
|
| 952 |
|
|
|t P60, <03>, [BOOK], {603}
|a SNK
|b SNK
|y PREZ
|7 0
|p 17A0372946
|o snkSC 110523
|i snkKSP 1594/2003
|0 0
|1 0
|4 0
|d 2003-02-06
|f 1
|l 0
|r 2025-10-01 00:00:00
|w 2026-02-24
|
| 952 |
|
|
|a SNK
|b SNK
|y VYP
|7 0
|p 17A0372947
|o snkSC 110523 D1
|i snkKSP 1595/2003
|0 0
|1 0
|4 0
|d 2003-02-06
|l 0
|r 2005-01-02 00:00:00
|w 2026-02-24
|